000 00314nam a22001217a 4500
008 230704b xxu||||| |||| 00| 0 eng d
082 _a341.6
_bIMLU
110 _bIndependent medico-legal unit
245 _aunder the mask of Democracy
260 _bIndependent medico-legal unit
300 _a45p
942 _2ddc
_cBK
999 _c3760
_d3760